000 01091nam a2200301 i 4500
003 DO-SdBNP
005 20240503073632.0
007 ta
008 230328b2004 sp ac||| |||| 00| 0 spa d
020 _a9788431676377
040 _aDO-SdBNP
_bspa
_cBNPHU
_erda
082 4 _a863.3
_bC419don 2004
_222
100 1 _aCervantes Saavedra, Miguel de,
_d1547-1616
_c1547-1616.
_93070
245 1 0 _aDon Quijote de la Mancha /
_cMiguel de Cervantes Saavedra ; adaptación y notas Agustín Sánchez Aguilar ; ilustración Svetlin
264 _aMadrid :
_bVicens Vives,
_c2004.
300 _a159 páginas ;
_c22 cm.
336 _2rdacontent
_atexto
_btxt
337 _2rdamedia
_asin mediación
_bn
338 _2rdacarrier
_avolumen
_bnc
490 _aCucaña
_v29
500 _aIncluye referencias bibliográficas y notas al pie de las páginas
500 _aLa biblioteca posee la 10ma reimpresión del 2005
590 _aInventariado, 2023/BT
700 1 _aSánchez, Agustín,
_eadaptación y notas
_97816
700 1 _aSvetlin,
_eilustración
_983223
910 _aBtavárez
942 _2ddc
_cLBS1
999 _c53194
_d53194